Personálna bibliografia Alžbety Uhrinovej-Hornokovej k jej životnému jubileu
| Other Authors: | |
|---|---|
| Format: | Book |
| Language: | Slovak Hungarian English |
| PhysicalDescription: | 144 strán fotografie, portrét 20 cm |
| Published: |
Békešská Čaba
Výskumný ústav Slovákov v Maďarsku
2024
|
| ISBN: | 9786155330308 |
| Subjects: |
MARC
| LEADER | 00000cam a2200000 4500 | ||
|---|---|---|---|
| 001 | vtls012266943 | ||
| 003 | SK-MaSNL | ||
| 005 | 20260331212619.0 | ||
| 008 | 241114s2024 hu oc frb 000 0dslo | ||
| 015 | |a SNBZSA2025/11 | ||
| 020 | |a 9786155330308 |q ( brožované) | ||
| 040 | |a SNK |b slo |c SNK |e rda | ||
| 041 | 0 | |a slo |a hun |a eng | |
| 044 | |a hu |c HU | ||
| 072 | 7 | |a 01 |x Bibliografia. Katalógy |2 konspekt | |
| 080 | |a 012 |2 2011 | ||
| 080 | |a (01) |2 2011 | ||
| 080 | |a (048.8) |2 2011 | ||
| 100 | 1 | |a Tušková, Tünde, |d 1970- |4 edt |9 157226 | |
| 245 | 1 | 0 | |a Personálna bibliografia Alžbety Uhrinovej-Hornokovej |b k jej životnému jubileu |c editorka Tünde Tušková |
| 246 | 3 | 1 | |a Hornokné Uhrin Erzsébet személyi bibliográfiája |b jubileumi születésnapjára |
| 246 | 3 | 1 | |a Personal Bibliography of Erzsébet Hornokné Uhrin |b on the Occasion of her Birthday |
| 264 | 1 | |a Békešská Čaba |b Výskumný ústav Slovákov v Maďarsku |c 2024 | |
| 300 | |a 144 strán |b fotografie, portrét |c 20 cm | ||
| 336 | |a text |b txt |2 rdacontent | ||
| 337 | |a bez média |b n |2 rdamedia | ||
| 338 | |a zväzok |b nc |2 rdacarrier | ||
| 500 | |a Obsahuje zoznam spoluautorov a spolueditorov s profesionálnym pôsobením, poznámky, zoznam skratiek a fotoprílohu a portrét dedikantky | ||
| 546 | |a Slovenský, paralelne maďarský text a súbežný názov v maďarčine aj v angličtine | ||
| 600 | 1 | 7 | |a Hornokné Uhrin, Erzsébet, |d 1954- |2 SNKMA |9 228717 |
| 655 | 7 | |a personálne bibliografie |2 SNKPH |9 70198 | |
| 655 | 7 | |a štúdie |2 SNKPH |9 57033 | |
| 655 | 7 | |a Personal bibliography |2 SNKPHeng |9 300650 | |
| 655 | 7 | |a Studies |2 SNKPHeng |9 265573 | |
| 700 | 1 | |a Tušková, Tünde, |d 1970- |4 edt |9 157226 | |
| 852 | |a Slovenská národná knižnica | ||
| 919 | |a 978-615-5330-30-8 | ||
| 954 | |a odborná, vedecká literatúra cudzojazyčná (svetová) |2 lita | ||
| 958 | |a PB | ||
| 958 | |a ZS | ||
| 958 | |a KL | ||
| 999 | |c 874913 |d 876843 | ||
| 952 | |a SNK |b SNK |y PREZ |7 0 |p 17A1574899 |o snkSD 93565 |i snk2025/9642 |8 2 |g 8.00 |0 0 |1 0 |4 0 |d 2024-11-14 |l 0 |r 2026-02-24 05:55:15 |w 2026-02-24 | ||


